[Event "Stuttgarter Stadtmeisterschaft A"]
[Site "Ditzingen"]
[Date "2015.05.15"]
[Round "4.34"]
[White "Braun, Rüdiger-Thomas"]
[Black "Jurasin, Marin"]
[Result "1-0"]
[WhiteElo "1940"]
[BlackElo "2021"]
[PlyCount "115"]
[EventDate "2015.??.??"]
[WhiteTeam "SF Birkenfeld"]
[BlackTeam "SG Schönbuch"]

1. e4 g6 2. d4 d6 3. c4 Bg7 4. Nc3 Nd7 5. Be3 e5 6. d5 Ne7 7. Qd2 f5 8. f3 Nf6
9. Bd3 a6 10. Nge2 O-O 11. O-O f4 12. Bf2 g5 13. Kh1 Ng6 14. b4 g4 15. Ng1 h5
16. Rac1 Nh7 17. c5 Bf6 18. Rc2 Bh4 19. g3 Bg5 20. gxf4 Bxf4 21. Be3 Qh4 22.
Bxf4 Nxf4 23. Nce2 Nxd3 24. Qxd3 Ng5 25. Ng3 Bd7 26. Rff2 Rf4 27. cxd6 cxd6 28.
Rc7 Bb5 29. Qe3 gxf3 30. Nxf3 Nxf3 31. Rxf3 Qg4 32. Rc3 Raf8 33. Nf5 Qxf3+ 34.
Qxf3 Rxf3 35. Rxf3 Kh7 36. Rg3 Be2 37. h3 Rf6 38. Kg2 Bc4 39. Rg7+ Kh8 40. Rg5
Bxa2 41. Rxh5+ Kg8 42. Rg5+ Kf8 43. h4 Bb1 44. Kf3 b6 45. Ke3 a5 46. Rg2 Kf7
47. bxa5 bxa5 48. Rb2 Rxf5 49. exf5 Bxf5 50. Rb5 a4 51. Kd2 e4 52. Ra5 Kf6 53.
Rxa4 Ke5 54. Ke3 Kxd5 55. Ra5+ Ke6 56. Kf4 Bh7 57. Rh5 Bg6 58. Rh6 1-0

[Event "Stuttgarter Stadtmeisterschaft A"]
[Site "Ditzingen"]
[Date "2015.05.15"]
[Round "4.35"]
[White "Longo, Claudio"]
[Black "Schömbs, Oliver"]
[Result "0-1"]
[WhiteElo "2013"]
[BlackElo "1920"]
[PlyCount "94"]
[EventDate "2015.??.??"]
[WhiteTeam "SK Germering"]
[BlackTeam "SC Ingersheim"]

1. d4 d5 2. c4 c6 3. e3 Nf6 4. Nc3 g6 5. b3 Bg7 6. Bb2 O-O 7. Nf3 Nbd7 8. Bd3
Qc7 9. Rc1 e5 10. cxd5 exd4 11. Nxd4 cxd5 12. Nxd5 Qa5+ 13. Nc3 Ne5 14. Be2 Rd8
15. Qc2 Nd5 16. O-O Nb4 17. Qb1 Rxd4 18. exd4 Bf5 19. Qa1 Ned3 20. Bxd3 Nxd3
21. Rcd1 Bxd4 22. Rxd3 Bxd3 23. Rc1 Re8 24. Na4 Bxf2+ 25. Kh1 Re1+ 26. Rxe1
Qxe1+ 27. Qxe1 Bxe1 28. Nc5 Bb1 29. a3 b6 30. Nd7 g5 31. b4 h6 32. Nf6+ Kf8 33.
Nh5 f5 34. h3 Kf7 35. Kg1 Bd3 36. Nf6 Ke6 37. Ng8 h5 38. Nf6 h4 39. Nh7 Bd2 40.
Kf2 g4 41. hxg4 fxg4 42. Nf6 Bf5 43. Ne8 Kd5 44. Ke2 Bf4 45. Kf2 Kc4 46. Ng7
Bd7 47. Nh5 Bh6 0-1

[Event "Stuttgarter Stadtmeisterschaft A"]
[Site "Ditzingen"]
[Date "2015.05.15"]
[Round "4.36"]
[White "Kuhlmann, Hans-Peter"]
[Black "Kübler, Marcus"]
[Result "1/2-1/2"]
[WhiteElo "1910"]
[BlackElo "2074"]
[PlyCount "74"]
[EventDate "2015.??.??"]
[WhiteTeam "Spvgg Renningen"]
[BlackTeam "TSV Schönaich"]

1. c4 Nf6 2. Nf3 e6 3. g3 b6 4. Bg2 Bb7 5. O-O c5 6. Nc3 a6 7. b3 Be7 8. Bb2
O-O 9. e3 d6 10. Qe2 Qc7 11. Rac1 Nbd7 12. Rfd1 Rac8 13. d4 Rfd8 14. dxc5 Nxc5
15. Nd4 Bxg2 16. Kxg2 Qb7+ 17. Qf3 Qxf3+ 18. Nxf3 Ng4 19. h3 Ne5 20. Nxe5 dxe5
21. Rxd8+ Rxd8 22. Ba3 Kf8 23. Rd1 Nd3 24. Bxe7+ Kxe7 25. e4 Rd4 26. Kf3 Nb4
27. Ke2 Kd7 28. Rd2 Nc6 29. Ke3 g5 30. Ne2 Rxd2 31. Kxd2 f5 32. a3 h5 33. h4
gxh4 34. gxh4 f4 35. Kd3 Kd6 36. b4 Ne7 37. Ng1 Nc6 1/2-1/2

[Event "Stuttgarter Stadtmeisterschaft A"]
[Site "Ditzingen"]
[Date "2015.05.15"]
[Round "4.37"]
[White "Häußler, Daniel"]
[Black "Wohlfahrt, Michael"]
[Result "1-0"]
[WhiteElo "2000"]
[BlackElo "1852"]
[PlyCount "43"]
[EventDate "2015.??.??"]
[WhiteTeam "SC Ostfildern"]
[BlackTeam "TSF Welzheim"]

1. d4 d5 2. c4 c6 3. Nc3 Nf6 4. Nf3 a6 5. a4 Bg4 6. Qb3 Ra7 7. Bf4 Bxf3 8. gxf3
e6 9. e4 Be7 10. Rg1 Nh5 11. Be3 dxc4 12. Bxc4 b6 13. O-O-O b5 14. Be2 Rd7 15.
f4 b4 16. Bxh5 bxc3 17. Rxg7 cxb2+ 18. Kb1 Qa5 19. f5 exf5 20. Rxf7 fxe4 21.
Rf8+ Kxf8 22. Qf7# 1-0

[Event "Stuttgarter Stadtmeisterschaft A"]
[Site "Ditzingen"]
[Date "2015.05.15"]
[Round "4.38"]
[White "Langjahr, Marius"]
[Black "Hoeschele, Hans-Ulrich"]
[Result "1/2-1/2"]
[WhiteElo "1812"]
[BlackElo "2032"]
[PlyCount "75"]
[EventDate "2015.??.??"]
[WhiteTeam "SK Sachsenheim"]
[BlackTeam "Stuttgarter SF"]

1. d4 d5 2. c4 c6 3. Nc3 e6 4. cxd5 exd5 5. Qc2 Nf6 6. Bg5 Be7 7. e3 Nbd7 8.
Bd3 h6 9. Bh4 Nf8 10. Nge2 Ne6 11. O-O g5 12. Bg3 Bd6 13. f3 Nh5 14. Bxd6 Qxd6
15. Rad1 O-O 16. e4 Nhf4 17. e5 Qb4 18. Bf5 Nxe2+ 19. Nxe2 Ng7 20. Bxc8 Raxc8
21. a3 Qb6 22. b4 Rfe8 23. f4 gxf4 24. Rxf4 Rxe5 25. Kh1 Re7 26. Rg4 Rce8 27.
Ng1 Re4 28. Rxe4 Rxe4 29. Qc5 Qa6 30. Qc3 Qc4 31. Qg3 Rxd4 32. Qb8+ Kh7 33.
Rxd4 Qxd4 34. Qxb7 Qf6 35. Qxa7 Nf5 36. Qf2 Qe6 37. Qc2 Kg8 38. Qe2 1/2-1/2

[Event "Stuttgarter Stadtmeisterschaft A"]
[Site "Ditzingen"]
[Date "2015.05.15"]
[Round "4.39"]
[White "Pajer, Michael"]
[Black "Wimmer, Thomas"]
[Result "0-1"]
[WhiteElo "1889"]
[BlackElo "1918"]
[PlyCount "80"]
[EventDate "2015.??.??"]
[WhiteTeam "SK Bebenhausen"]
[BlackTeam "SK Marburg"]

1. c4 Nf6 2. Nc3 g6 3. g3 Bg7 4. Bg2 O-O 5. Nf3 d6 6. O-O c5 7. d3 Nc6 8. a3
Bg4 9. Rb1 Qd7 10. Re1 Bh3 11. Bh1 h6 12. b4 b6 13. bxc5 bxc5 14. Qa4 Rab8 15.
Bd2 Nh5 16. Nd5 e6 17. Qxc6 exd5 18. Qxd7 Bxd7 19. cxd5 g5 20. Ba5 Rfe8 21. Nd2
f5 22. Nc4 Rxb1 23. Rxb1 f4 24. Nxd6 Rf8 25. Ne4 Bd4 26. Bc3 fxg3 27. hxg3 Nxg3
28. Nxg3 Bxc3 29. Rc1 Bb2 30. Rxc5 Bd4 31. Rc4 Bxf2+ 32. Kg2 Be3 33. Ne4 Bg4
34. Rc2 h5 35. d6 h4 36. Rc7 h3+ 37. Kg3 Be6 38. Bf3 Bf4+ 39. Kf2 g4 40. d7
Bxc7 0-1

[Event "Stuttgarter Stadtmeisterschaft A"]
[Site "Ditzingen"]
[Date "2015.05.15"]
[Round "4.40"]
[White "Zeller, Elisa"]
[Black "Engelhardt, Frank"]
[Result "1-0"]
[WhiteElo "1956"]
[BlackElo "1819"]
[PlyCount "84"]
[EventDate "2015.??.??"]
[WhiteTeam "SF Göppingen"]
[BlackTeam "SC Botnang"]

1. e4 c5 2. Nf3 e6 3. d4 cxd4 4. Nxd4 a6 5. Nc3 Nc6 6. Be3 Qc7 7. Be2 Nf6 8.
O-O Be7 9. Qd2 b5 10. f3 Bb7 11. a3 O-O 12. Rac1 Rac8 13. Kh1 Ne5 14. Rfd1 Nc4
15. Bxc4 Qxc4 16. e5 Nd5 17. Nxd5 Bxd5 18. Nf5 Rfe8 19. Bf2 Qc6 20. Nxe7+ Rxe7
21. b3 Qc3 22. Qg5 Ree8 23. Bd4 Qa5 24. Bb2 b4 25. a4 Rc6 26. Rd4 Qc5 27. Rg4
Qf8 28. c4 bxc3 29. Ba3 d6 30. Bxd6 Rxd6 31. exd6 f6 32. Qh5 g6 33. Qh4 f5 34.
Rd4 Qxd6 35. Rxc3 e5 36. Rd1 e4 37. fxe4 Rxe4 38. Qg3 Qe6 39. Qb8+ Kg7 40. Qc7+
Kf6 41. Qd8+ Kg7 42. Rg1 Rh4 1-0

[Event "Stuttgarter Stadtmeisterschaft A"]
[Site "Ditzingen"]
[Date "2015.05.15"]
[Round "4.41"]
[White "Baumeister, Jürgen"]
[Black "Schmidt, Markus"]
[Result "0-1"]
[WhiteElo "1869"]
[BlackElo "1871"]
[PlyCount "72"]
[EventDate "2015.??.??"]
[WhiteTeam "SC Asperg"]
[BlackTeam "Stuttgarter SF"]

1. e4 d6 2. d4 Nf6 3. Nc3 g6 4. Be3 Bg7 5. Qd2 Ng4 6. Bg5 h6 7. Bh4 g5 8. Bg3
Nd7 9. O-O-O c5 10. d5 h5 11. Kb1 h4 12. Be2 hxg3 13. Bxg4 gxf2 14. Nf3 Ne5 15.
Bxc8 Rxc8 16. Rdf1 g4 17. Nxe5 Bxe5 18. Qxf2 f6 19. g3 Qb6 20. Nd1 Kd8 21. Qf5
Rg8 22. h3 gxh3 23. Rxh3 Kc7 24. Rh7 Rxg3 25. Rxe7+ Kb8 26. Rh1 Rg5 27. Qe6 c4
28. a3 Rg1 29. Qxc8+ Kxc8 30. Rh8+ Qd8 31. Rxd8+ Kxd8 32. Rxb7 Rxd1+ 33. Ka2
Rd4 34. Rxa7 Rxe4 35. a4 Rd4 36. b4 Rd1 0-1

[Event "Stuttgarter Stadtmeisterschaft A"]
[Site "Ditzingen"]
[Date "2015.05.16"]
[Round "5.1"]
[White "Karpatchev, Aleksandr"]
[Black "Bosiocic, Marin"]
[Result "1-0"]
[WhiteElo "2466"]
[BlackElo "2563"]
[PlyCount "51"]
[EventDate "2015.??.??"]
[WhiteTeam "SF Bad Mergentheim"]
[BlackTeam "TSV Schönaich"]

1. e4 e5 2. Nf3 Nc6 3. Nc3 Nf6 4. a3 g6 5. Bc4 Bg7 6. d3 d6 7. h3 h6 8. Be3 Qe7
9. Qd2 Be6 10. O-O-O a6 11. Kb1 b5 12. Nd5 Bxd5 13. Bxd5 Nxd5 14. exd5 Nb8 15.
d4 e4 16. Rde1 Nd7 17. Bf4 f5 18. g4 O-O-O 19. gxf5 gxf5 20. Qa5 Nb8 21. c4 Qd7
22. c5 exf3 23. cxd6 cxd6 24. Qb6 Bxd4 25. Rc1+ Bc5 26. Rxc5+ 1-0

[Event "Stuttgarter Stadtmeisterschaft A"]
[Site "Ditzingen"]
[Date "2015.05.16"]
[Round "5.2"]
[White "Ikonnikov, Vyacheslav"]
[Black "Belezky, Alexander"]
[Result "1-0"]
[WhiteElo "2560"]
[BlackElo "2453"]
[PlyCount "87"]
[EventDate "2015.??.??"]
[WhiteTeam "SF Bad Mergentheim"]
[BlackTeam "FC Bayern München"]

1. d4 Nf6 2. Nf3 e6 3. c4 Bb4+ 4. Bd2 Qe7 5. g3 Nc6 6. Nc3 Bxc3 7. Bxc3 Ne4 8.
Rc1 d6 9. d5 Nxc3 10. Rxc3 Nb8 11. dxe6 fxe6 12. Nd4 O-O 13. Bg2 c6 14. O-O Nd7
15. b4 e5 16. Nc2 Nf6 17. b5 cxb5 18. cxb5 Be6 19. Ne3 Rfc8 20. Rd3 Ne8 21. Nd5
Bxd5 22. Bxd5+ Kh8 23. Qb3 Nf6 24. Bg2 e4 25. Rd4 d5 26. f3 Qc5 27. e3 Re8 28.
f4 Re6 29. Rb1 Rb6 30. a4 a6 31. h3 axb5 32. g4 Raa6 33. axb5 Ra3 34. Qb4 Qxb4
35. Rbxb4 Rxe3 36. g5 Ne8 37. Rxd5 Re6 38. b6 Kg8 39. Re5 Kf7 40. Kf2 Rxe5 41.
fxe5 Rd3 42. Bxe4 Rd2+ 43. Kf3 Ke6 44. Bxb7 {Rest unleserlich (57.)} 1-0

[Event "Stuttgarter Stadtmeisterschaft A"]
[Site "Ditzingen"]
[Date "2015.05.16"]
[Round "5.3"]
[White "Gutman, Lev"]
[Black "Dgebuadze, Alexandre"]
[Result "1/2-1/2"]
[WhiteElo "2438"]
[BlackElo "2490"]
[PlyCount "27"]
[EventDate "2015.??.??"]
[WhiteTeam "SV Lingen"]

1. Nf3 Nf6 2. g3 d5 3. Bg2 c6 4. O-O Bg4 5. d4 Nbd7 6. c4 e6 7. h3 Bh5 8. cxd5
exd5 9. Nc3 Be7 10. Bf4 O-O 11. Qb3 Qb6 12. Ne5 Nxe5 13. Bxe5 Nd7 14. Bf4 {
Rest unleserlich (50.)} 1/2-1/2

[Event "Stuttgarter Stadtmeisterschaft A"]
[Site "Ditzingen"]
[Date "2015.05.16"]
[Round "5.4"]
[White "Krassowizkij, Jaroslaw"]
[Black "Bilchinski, Anton"]
[Result "1/2-1/2"]
[WhiteElo "2436"]
[BlackElo "2252"]
[PlyCount "78"]
[EventDate "2015.??.??"]
[WhiteTeam "SV Jedesheim"]
[BlackTeam "SK Göggingen"]

1. d4 Nf6 2. c4 e6 3. g3 Bb4+ 4. Bd2 Qe7 5. Nf3 Nc6 6. Nc3 d5 7. a3 Bxc3 8.
Bxc3 Ne4 9. Qd3 O-O 10. Bg2 a5 11. b3 b6 12. Bb2 a4 13. Rc1 Ba6 14. b4 Nd6 15.
Nd2 Na7 16. b5 dxc4 17. Nxc4 Bxb5 18. Bxa8 Rxa8 19. Qf3 Bc6 20. d5 Bxd5 21. Qc3
f6 22. Nxd6 Bxh1 23. Qxc7 Qxc7 24. Rxc7 Bd5 25. e4 Bb3 26. e5 f5 27. Bd4 Bd5
28. Bxb6 Nc6 29. f4 h5 30. Kd2 Kh7 31. Nf7 Rb8 32. Bc5 Kg6 33. Ng5 Nxe5 34. Bd4
Nf3+ 35. Nxf3 Bxf3 36. Rxg7+ Kh6 37. Ra7 Ra8 38. Re7 Bd5 39. Rd7 Rb8 1/2-1/2

[Event "Stuttgarter Stadtmeisterschaft A"]
[Site "Ditzingen"]
[Date "2015.05.16"]
[Round "5.5"]
[White "Gibicar, Danijel"]
[Black "Kabisch, Thilo"]
[Result "1-0"]
[WhiteElo "2233"]
[BlackElo "2298"]
[PlyCount "165"]
[EventDate "2015.??.??"]
[WhiteTeam "SK Bebenhausen"]
[BlackTeam "SK Schmiden/Cannstatt"]

1. e4 c5 2. Nf3 Nc6 3. d4 cxd4 4. Nxd4 Qb6 5. Nb3 Nf6 6. Nc3 e6 7. Bd3 Bb4 8.
Bd2 O-O 9. a3 Be7 10. Be3 Qc7 11. f4 a6 12. e5 Ne8 13. Qh5 f5 14. g4 d6 15.
gxf5 dxe5 16. fxe6 Nf6 17. Qh3 g6 18. f5 e4 19. Nxe4 Ne5 20. fxg6 hxg6 21. Bd4
Nxd3+ 22. Qxd3 Qc6 23. Bxf6 Bxf6 24. O-O Qxe6 25. Nxf6+ Rxf6 26. Qd8+ Kg7 27.
Rxf6 Qxf6 28. Rd1 Bg4 29. Qxf6+ Kxf6 30. Rd6+ Kg5 31. Nd2 Re8 32. Nf1 Re1 33.
Rd2 Bh3 34. Rf2 Rb1 35. c3 a5 36. b4 a4 37. Rf3 Kh4 38. Rf4+ Kh5 39. Rf3 Kg4
40. Rg3+ Kh4 41. Rf3 g5 42. c4 Ra1 43. c5 Rc1 44. Rf7 Rb1 45. Rf3 Ra1 46. b5
Bd7 47. c6 bxc6 48. Rf7 Rd1 49. Kf2 Kh5 50. b6 Be6 51. Re7 Bh3 52. Rh7+ Kg6 53.
Rxh3 Rb1 54. Rg3 Rxb6 55. Rg4 Rb2+ 56. Kg1 Kf5 57. Rxa4 Ke5 58. Ng3 Ra2 59.
Ra5+ Kd4 60. Rxg5 c5 61. a4 c4 62. Nf5+ Kc3 63. Nd6 Rxa4 64. Rg4 Kd3 65. h4
Ra1+ 66. Kf2 c3 67. Rg3+ Kc2 68. Ne4 Rh1 69. Rxc3+ Kb2 70. Kg3 Rg1+ 71. Kf4
Rf1+ 72. Rf3 Rh1 73. Kg5 Rg1+ 74. Rg3 Re1 75. Nf6 Rh1 76. h5 Kc2 77. h6 Kd2 78.
Rg4 Ke3 79. Rh4 Rg1+ 80. Ng4+ Ke4 81. h7 Rf1 82. h8=Q Rf5+ 83. Kg6 1-0

[Event "Stuttgarter Stadtmeisterschaft A"]
[Site "Ditzingen"]
[Date "2015.05.16"]
[Round "5.6"]
[White "Bergauz, Noam"]
[Black "Braun, Joachim"]
[Result "1/2-1/2"]
[WhiteElo "2296"]
[BlackElo "2177"]
[PlyCount "131"]
[EventDate "2015.??.??"]
[WhiteTeam "SK München Südost"]
[BlackTeam "SF Birkenfeld"]

1. e4 c5 2. Nf3 d6 3. d4 cxd4 4. Nxd4 Nf6 5. Nc3 a6 6. h3 e5 7. Nde2 h5 8. Bg5
Be6 9. Ng3 Nbd7 10. Be2 g6 11. Nf1 Be7 12. Ne3 Rc8 13. O-O Rxc3 14. bxc3 Nxe4
15. Bxe7 Qxe7 16. Bf3 Ndc5 17. Bxe4 Nxe4 18. Nd5 Qd8 19. Re1 Nc5 20. f4 f6 21.
Nxf6+ Qxf6 22. Qxd6 Nd7 23. Rad1 Rh7 24. fxe5 Qe7 25. Qd3 Qg5 26. Qf3 Nf8 27.
Rd6 Qf5 28. Qe3 Re7 29. Qb6 Nd7 30. Qxb7 Rf7 31. Rd2 Kf8 32. Qxa6 Kg7 33. Qd3
Nxe5 34. Qd4 Rd7 35. Qxe5+ Qxe5 36. Rxe5 Rxd2 37. Rxe6 Rxc2 38. Rc6 Rxa2 39. h4
Rd2 40. Rc4 Kf6 41. Rc5 Ke6 42. Rg5 Kf6 43. Kf1 Rc2 44. Rc5 Rd2 45. c4 Rc2 46.
Rc6+ Kf5 47. c5 Rc4 48. g3 Rc2 49. Kg1 Ke4 50. Rxg6 Rxc5 51. Kg2 Rc2+ 52. Kh3
Rf2 53. Re6+ Kd5 54. Re8 Kd6 55. Rg8 Rf5 56. Kg2 Ke6 57. Ra8 Kf7 58. Ra4 Kg6
59. Rf4 Ra5 60. Rd4 Rf5 61. Re4 Kg7 62. Re6 Kh7 63. Ra6 Kg7 64. Ra4 Kg6 65. Ra8
Kg7 66. Rb8 1/2-1/2

[Event "Stuttgarter Stadtmeisterschaft A"]
[Site "Ditzingen"]
[Date "2015.05.16"]
[Round "5.7"]
[White "Khadempour, Farhad"]
[Black "Piskur, Mitja"]
[Result "0-1"]
[WhiteElo "2139"]
[BlackElo "2272"]
[PlyCount "78"]
[EventDate "2015.??.??"]
[WhiteTeam "SV Tübingen"]

1. e4 c5 2. Nf3 e6 3. Nc3 a6 4. a4 Qc7 5. g3 Nc6 6. Bg2 Nge7 7. O-O g6 8. d4
cxd4 9. Nxd4 Bg7 10. Nde2 O-O 11. Bf4 Ne5 12. Qd2 N7c6 13. Rfd1 Qd8 14. b3 f5
15. Bh6 Bxh6 16. Qxh6 Ng4 17. Qf4 g5 18. Qd6 f4 19. h3 Nge5 20. Nd4 Qf6 21. Rd2
Nf7 22. Qc5 d6 23. Qb6 Nce5 24. Rad1 Rb8 25. a5 Bd7 26. Qb4 Kh8 27. Na4 Bc6 28.
Nb6 f3 29. Bf1 Rbe8 30. Nxc6 Nxc6 31. Qa4 Rd8 32. Bxa6 bxa6 33. Qxc6 Qh6 34.
Kh2 Kg8 35. Nd7 Rxd7 36. Qxd7 Ne5 37. Qxd6 Ng4+ 38. Kg1 Qxh3 39. Qxe6+ Kh8 0-1

[Event "Stuttgarter Stadtmeisterschaft A"]
[Site "Ditzingen"]
[Date "2015.05.16"]
[Round "5.8"]
[White "Zikeli, Saskia"]
[Black "Latzke, Boris Alexander"]
[Result "1/2-1/2"]
[WhiteElo "2134"]
[BlackElo "2265"]
[PlyCount "107"]
[EventDate "2015.??.??"]
[WhiteTeam "SC Ingersheim"]
[BlackTeam "SK Bebenhausen"]

1. e4 e5 2. Nf3 Nc6 3. d4 exd4 4. Nxd4 Bb4+ 5. c3 Bc5 6. Be3 Bb6 7. Bc4 Ne5 8.
Be2 d6 9. O-O Nf6 10. f3 O-O 11. a4 c6 12. Kh1 Ng6 13. Nd2 d5 14. Bd3 Ne5 15.
Bc2 Re8 16. Bf2 Ng6 17. exd5 Nxd5 18. Nc4 Bc7 19. Re1 Rxe1+ 20. Qxe1 Bd7 21.
Bg3 Ndf4 22. Qd2 Nd5 23. Bxc7 Qxc7 24. Re1 c5 25. Nb5 Bxb5 26. axb5 Nb6 27. Qd6
Qd8 28. Rd1 Qe8 29. Nxb6 axb6 30. Bxg6 hxg6 31. Qxb6 Qe2 32. Rg1 Qxb2 33. Qxc5
Ra1 34. c4 Qc3 35. h3 Rxg1+ 36. Kxg1 Qc1+ 37. Kf2 Qd2+ 38. Kg3 g5 39. Qe5 Kh7
40. c5 f6 41. Qe4+ Kh6 42. c6 bxc6 43. bxc6 Qd6+ 44. f4 g6 45. Qc4 Kg7 46. c7
gxf4+ 47. Qxf4 Qc5 48. Kh2 g5 49. Qg3 Kf8 50. h4 gxh4 51. Qf4 Ke7 52. Kh3 Kd7
53. Kxh4 Qxc7 54. Qxc7+ 1/2-1/2

[Event "Stuttgarter Stadtmeisterschaft A"]
[Site "Ditzingen"]
[Date "2015.05.16"]
[Round "5.9"]
[White "Gretz, Denis"]
[Black "Gibicar, Marc"]
[Result "1-0"]
[WhiteElo "2241"]
[BlackElo "1938"]
[PlyCount "51"]
[EventDate "2015.??.??"]
[WhiteTeam "SK Königsbrunn"]
[BlackTeam "Spvgg Böblingen"]

1. e4 c5 2. Nf3 d6 3. d4 cxd4 4. Nxd4 Nf6 5. Nc3 g6 6. Be3 Bg7 7. f3 Nc6 8. Qd2
O-O 9. g4 Be6 10. Nxe6 fxe6 11. O-O-O Ne5 12. Be2 Rc8 13. Nb5 Nc4 14. Bxc4 Rxc4
15. Qd3 Rc8 16. Nd4 Qd7 17. Qb3 d5 18. e5 Ne8 19. f4 Nc7 20. Qxb7 Qa4 21. Nc6
Kh8 22. Nxe7 Rce8 23. Qxc7 Qe4 24. Qc5 Rf7 25. Nc8 Bf8 26. Nd6 1-0

[Event "Stuttgarter Stadtmeisterschaft A"]
[Site "Ditzingen"]
[Date "2015.05.16"]
[Round "5.10"]
[White "Niklasch, Oliver"]
[Black "Kessler, Andreas"]
[Result "1-0"]
[WhiteElo "2325"]
[BlackElo "2141"]
[PlyCount "87"]
[EventDate "2015.??.??"]
[WhiteTeam "SK Schmiden/Cannstatt"]

1. g3 e5 2. d3 Nf6 3. Nf3 d6 4. Bg2 Be7 5. O-O Bd7 6. c4 Na6 7. Nc3 Qc8 8. d4
exd4 9. Nxd4 O-O 10. e4 Re8 11. Re1 Bf8 12. Bg5 Ng4 13. b3 Ne5 14. Qe2 Nc5 15.
Rad1 Ne6 16. Nxe6 Bxe6 17. Be3 a5 18. Rc1 g6 19. Qf1 Bg7 20. h3 Nc6 21. Red1
Ra6 22. Kh2 h6 23. Qe2 Kh7 24. Nd5 Nb4 25. Qd2 c5 26. Nc3 Nc6 27. Nb5 Rd8 28.
f4 Bf8 29. Nc3 Bg7 30. Nb5 Bf8 31. Qf2 a4 32. Rd2 axb3 33. axb3 Na5 34. Rd3 f5
35. g4 fxg4 36. hxg4 Bxg4 37. Qh4 Be2 38. Bh3 Qb8 39. Rd2 Bh5 40. Rg1 Nxb3 41.
Rdg2 Bf3 42. Bf5 Bxg2 43. Qf6 Rd7 44. Qxg6+ 1-0

[Event "Stuttgarter Stadtmeisterschaft A"]
[Site "Ditzingen"]
[Date "2015.05.16"]
[Round "5.11"]
[White "Schröder, Kevin"]
[Black "Bergner, Philipp"]
[Result "1-0"]
[WhiteElo "2244"]
[BlackElo "2149"]
[PlyCount "169"]
[EventDate "2015.??.??"]
[WhiteTeam "LSV Turm Lippstadt"]
[BlackTeam "SK Bebenhausen"]

1. Nf3 Nf6 2. c4 c5 3. g3 d5 4. Bg2 Nc6 5. O-O e5 6. cxd5 Nxd5 7. d3 Be7 8. Nc3
Nc7 9. b3 O-O 10. Bb2 f6 11. Rc1 Rb8 12. Nd2 Bd7 13. Nc4 Be6 14. Ba3 Qd7 15.
Ne3 Nd4 16. Nc2 Rfd8 17. Qd2 b6 18. Rfd1 Nd5 19. Nxd5 Bxd5 20. Bxd5+ Qxd5 21.
Nxd4 exd4 22. Qc2 Rbc8 23. Qc4 Qxc4 24. Rxc4 f5 25. Rb1 a5 26. Bc1 Bf6 27. h4
Re8 28. Rc2 Re6 29. Kf1 g6 30. a3 Rec6 31. Bd2 Kf7 32. Rbc1 Ke6 33. Kg2 Kd5 34.
Kf3 Re8 35. Ra2 Ra8 36. Rac2 Rac8 37. Bf4 Be5 38. Bh6 Bf6 39. Rh1 Ra8 40. Rhc1
Rac8 41. Rb1 R8c7 42. Ra2 Ra7 43. Rab2 Rac7 44. Rc1 Bg7 45. Bd2 Bf8 46. Rc4 Rc8
47. Rb1 -- 48. h5 b5 49. Rc2 gxh5 50. a4 Rb8 51. Rh1 bxa4 52. bxa4 c4 53. dxc4+
Rxc4 54. Rxc4 Kxc4 55. Bxa5 Ra8 56. Bb6 Rxa4 57. Bxd4 Be7 58. e3 h4 59. gxh4
Kd5 60. h5 Ke6 61. Rb1 Ra6 62. Rb7 h6 63. Rb8 Kf7 64. Rh8 Bg5 65. Rh7+ Ke6 66.
Rg7 Ra2 67. Rg6+ Kf7 68. Rg7+ Ke6 69. Rxg5 hxg5 70. h6 g4+ 71. Kg2 f4 72. h7
fxe3 73. h8=Q Rxf2+ 74. Kg1 Rf5 75. Qe8+ Kd5 76. Qxe3 Rf3 77. Qe5+ Kc4 78. Bf2
Kd3 79. Qd5+ Ke2 80. Qe4+ Kd2 81. Qxg4 Rd3 82. Qf4+ Kc2 83. Qe4 Kc3 84. Be1+
Kc2 85. Qc4+ 1-0

[Event "Stuttgarter Stadtmeisterschaft A"]
[Site "Ditzingen"]
[Date "2015.05.16"]
[Round "5.12"]
[White "Lorscheid, Gerhard"]
[Black "Montigel, Philipp"]
[Result "1-0"]
[WhiteElo "2237"]
[BlackElo "2117"]
[PlyCount "45"]
[EventDate "2015.??.??"]
[WhiteTeam "Stuttgarter SF"]
[BlackTeam "SV Stuttgart-Wolfbusch"]

1. d4 e6 2. Nf3 b6 3. Bf4 Bb7 4. e3 f5 5. Bd3 Nf6 6. Nbd2 h6 7. h3 g5 8. Bh2
Bg7 9. Qe2 O-O 10. e4 c5 11. c3 cxd4 12. Nxd4 f4 13. h4 Nc6 14. Nxc6 Bxc6 15.
hxg5 hxg5 16. e5 f3 17. Nxf3 Nd5 18. Nd4 Qe8 19. Bg3 Rf4 20. Nxc6 dxc6 21. c4
Rh4 22. Bxh4 Nf4 23. Bh7+ 1-0

[Event "Stuttgarter Stadtmeisterschaft A"]
[Site "Ditzingen"]
[Date "2015.05.16"]
[Round "5.13"]
[White "Aring, Gerd"]
[Black "Weber, Klaus"]
[Result "1-0"]
[WhiteElo "2209"]
[BlackElo "2113"]
[PlyCount "93"]
[EventDate "2015.??.??"]
[WhiteTeam "SV Nürtingen"]
[BlackTeam "SV Tübingen"]

1. d4 Nf6 2. c4 e6 3. g3 c5 4. d5 exd5 5. cxd5 d6 6. Nc3 Na6 7. Bg2 Rb8 8. a4
Nc7 9. Nf3 a6 10. e4 Bg4 11. O-O Be7 12. Bf4 O-O 13. e5 dxe5 14. Bxe5 Bd6 15.
Bxf6 Qxf6 16. Ne4 Qd8 17. Rc1 b6 18. a5 f5 19. Nxd6 Qxd6 20. Qc2 bxa5 21. Qxc5
Qxd5 22. Ne5 Qxc5 23. Rxc5 Rb5 24. Rfc1 Rxc5 25. Rxc5 Nb5 26. Bd5+ Kh8 27. Rc6
a4 28. Nf7+ Kg8 29. Nd8+ Kh8 30. Ne6 Rb8 31. Rxa6 Bd1 32. Bc6 Kg8 33. Ra5 a3
34. bxa3 Nc3 35. Ra7 Rb1 36. Rxg7+ Kh8 37. Kg2 Bb3 38. Re7 Bxe6 39. Rxe6 Ra1
40. a4 f4 41. gxf4 Ra3 42. Re7 Ra2 43. f5 Nd1 44. Kg3 Nxf2 45. f6 h5 46. Re8+
Kh7 47. f7 1-0

[Event "Stuttgarter Stadtmeisterschaft A"]
[Site "Ditzingen"]
[Date "2015.05.16"]
[Round "5.14"]
[White "Pitschka, Claus"]
[Black "Keller, Harald"]
[Result "1-0"]
[WhiteElo "2208"]
[BlackElo "2049"]
[PlyCount "79"]
[EventDate "2015.??.??"]
[WhiteTeam "SC Garching"]
[BlackTeam "SV Rottweil"]

1. e4 Nf6 2. e5 Nd5 3. c4 Nb6 4. d4 d6 5. exd6 cxd6 6. Nc3 g6 7. Be3 Bg7 8. Rc1
Nc6 9. d5 Ne5 10. Be2 O-O 11. b3 Ned7 12. Nf3 Nf6 13. Nd4 Nbd7 14. O-O Re8 15.
h3 h6 16. f4 Kh7 17. f5 Ne5 18. fxg6+ fxg6 19. Qd2 Rf8 20. Bd1 Bd7 21. Bc2 Qc8
22. Kh2 a5 23. a4 Ra6 24. Nce2 e6 25. Nf4 exd5 26. cxd5 Qe8 27. Nde6 Bxe6 28.
Nxe6 Rf7 29. Nxg7 Kxg7 30. Bxh6+ Kh7 31. Bg5 Nfd7 32. Qd4 Rb6 33. Qh4+ Kg8 34.
Qg3 Rb4 35. Bd2 Rd4 36. Bxg6 Rg7 37. Bxe8 Rxg3 38. Kxg3 Rxd2 39. Bxd7 Nxd7 40.
Rc8+ 1-0

[Event "Stuttgarter Stadtmeisterschaft A"]
[Site "Ditzingen"]
[Date "2015.05.16"]
[Round "5.15"]
[White "Cofman, Veaceslav"]
[Black "Issaad, Pascal"]
[Result "1-0"]
[WhiteElo "2145"]
[BlackElo "1845"]
[PlyCount "39"]
[EventDate "2015.??.??"]
[WhiteTeam "Karlsruher SF"]
[BlackTeam "SV Stuttgart-Wolfbusch"]

1. d4 b5 2. e4 Bb7 3. Bd3 e6 4. c3 Nf6 5. f3 a6 6. Be3 Be7 7. Qc2 d6 8. Nd2
Nbd7 9. a4 bxa4 10. Qxa4 O-O 11. Ne2 c5 12. O-O d5 13. e5 Nb6 14. Qc2 Nfd7 15.
Bxh7+ Kh8 16. f4 Nc4 17. Nxc4 dxc4 18. Be4 Bd5 19. Bxd5 exd5 20. Rf3 1-0

[Event "Stuttgarter Stadtmeisterschaft A"]
[Site "Ditzingen"]
[Date "2015.05.16"]
[Round "5.16"]
[White "Schmidt, Tobias"]
[Black "Bräuner, Uwe"]
[Result "0-1"]
[WhiteElo "2122"]
[BlackElo "2185"]
[PlyCount "120"]
[EventDate "2015.??.??"]
[WhiteTeam "SC Erdmannhausen"]
[BlackTeam "SF Pfullingen"]

1. e4 e6 2. d4 d5 3. Nd2 Nf6 4. e5 Nfd7 5. Bd3 c5 6. c3 b6 7. Ne2 Ba6 8. Nf3
Bxd3 9. Qxd3 Be7 10. O-O Nc6 11. Be3 Rc8 12. Rac1 O-O 13. Nd2 cxd4 14. cxd4 Nb4
15. Qb3 a6 16. a3 Nc6 17. Qa4 Ndb8 18. b4 b5 19. Qb3 Nd7 20. f4 f5 21. Qd3 Nb6
22. Nb3 Nc4 23. Nc5 Bxc5 24. dxc5 Kh8 25. Ra1 Rg8 26. Kh1 Qe8 27. Rf3 Rd8 28.
Qc3 h6 29. Rh3 Kh7 30. Ra2 Qd7 31. Nd4 Ra8 32. Rf3 Nxd4 33. Bxd4 g5 34. fxg5
Rxg5 35. Rg3 Rag8 36. Rxg5 Rxg5 37. Qh3 Rg4 38. Qd3 Qg7 39. Qc3 Re4 40. h3 Qc7
41. a4 bxa4 42. Rxa4 Qc6 43. Ra2 Qb5 44. Kh2 f4 45. Qa1 Qxb4 46. Rxa6 Re1 47.
Ra7+ Kg6 48. Qa6 Kf5 49. Rf7+ Ke4 50. Bg1 Rxg1 51. Kxg1 Qe1+ 52. Kh2 Nd2 53.
Qa4+ d4 54. Qa8+ Ke3 55. Rxf4 Kxf4 56. Qf8+ Kxe5 57. Qd6+ Kf5 58. Qf8+ Ke4 59.
Qa8+ Ke3 60. Qa3+ d3 0-1